Advances in parasitology. Vol. 56 /

Advances in Parasitology is a serial containing in-depth reviews on current topics of interest in contemporary parasitology. It includes medical studies on parasites of major influence, such as trypanosomiasis and scabies, and more traditional areas, such as zoology, taxonomy, and life history, whic...

Full description

Bibliographic Details
Other Authors: Baker, John R. (John Robin) (Editor), Muller, Ralph, 1933- (Editor), Rollinson, D. (Editor)
Format: eBook
Language:English
Published: [Place of publication not identified] : Academic Press, 2003.
Subjects:
Online Access:Full Text via HEAL-Link
LEADER 01858nam a2200373 4500
001 ocn795778762
003 OCoLC
005 20180501121959.0
006 m o d
007 cr cnu---unuuu
008 120619s2003 xx ob 001 0 eng d
040 |a OPELS  |b eng  |e pn  |c OPELS  |d OCLCQ  |d OCLCF  |d OCLCQ  |d ESU  |d GrThAP 
020 |a 0120317567  |q (electronic bk.) 
020 |a 9780120317561  |q (electronic bk.) 
035 |a (OCoLC)795778762 
050 4 |a QL757  |b .A38 v. 56 
082 0 4 |a 571.9/99  |2 23 
049 |a TEFA 
245 0 0 |a Advances in parasitology.  |n Vol. 56 /  |c [edited by John R. Baker, Ralph Muller, D. Rollinson]. 
260 |a [Place of publication not identified] :  |b Academic Press,  |c 2003. 
300 |a 1 online resource 
336 |a text  |b txt  |2 rdacontent 
337 |a computer  |b c  |2 rdamedia 
338 |a online resource  |b cr  |2 rdacarrier 
588 0 |a Online resource; title from publisher's Web site (ScienceDirect, viewed on June 18, 2012). 
504 |a Includes bibliographical references and index. 
520 |a Advances in Parasitology is a serial containing in-depth reviews on current topics of interest in contemporary parasitology. It includes medical studies on parasites of major influence, such as trypanosomiasis and scabies, and more traditional areas, such as zoology, taxonomy, and life history, which shape current thinking and applications. * ISI impact factor of 4.818 in 2002 * 2nd in the highly competitive field of Parasitology in 2000 * Long running series dates back to 1963! 
650 0 |a Parasitology. 
650 7 |a Parasitology.  |2 fast  |0 (OCoLC)fst01053186 
655 4 |a Electronic books. 
700 1 |a Baker, John R.  |q (John Robin)  |4 edt 
700 1 |a Muller, Ralph,  |d 1933-  |4 edt 
700 1 |a Rollinson, D.  |4 edt 
856 4 0 |u https://www.sciencedirect.com/science/bookseries/0065308X/56  |z Full Text via HEAL-Link